| 000 | 00519cam a2200181 a 4500 | ||
|---|---|---|---|
| 001 | 12601940 | ||
| 005 | 20240216024507.0 | ||
| 008 | 010813s2001 ce b i000 0 eng | ||
| 040 |
_aDLC _cDLC _dDLC |
||
| 082 |
_222 _a320.4. _bGOO. |
||
| 100 | 1 | _aEide, Asbjørn. | |
| 245 | 1 | 0 |
_aGood governance in ethnically heterogeneous societies / _cAsbjørn Eide. |
| 260 |
_aColombo : _bInternational Centre for Ethnic Studies, _c2001. |
||
| 300 | _a32 p. ; | ||
| 650 | 0 | _aHuman rights. | |
| 650 | 0 | _aPolitical science. | |
| 942 | _cL | ||
| 999 |
_c412 _d412 |
||